Normal view MARC view

Entry Personal Name

Number of records used in: 1

001 - CONTROL NUMBER

  • control field: 1237821

003 - CONTROL NUMBER IDENTIFIER

  • control field: OSt

005 - DATE AND TIME OF LATEST TRANSACTION

  • control field: 20260430150540.0

008 - FIXED-LENGTH DATA ELEMENTS

  • fixed length control field: 260430|| aca||aabn | a|a d

040 ## - CATALOGING SOURCE

  • Original cataloging agency: OSt
  • Transcribing agency: OSt

100 ## - HEADING--PERSONAL NAME

  • Personal name: Khan Aarif Muhammad Au.; Saraswat Nitesh Gu

670 ## - SOURCE DATA FOUND

  • Source citation: Work cat.: (OSt)1850051: Khan Aarif Muhammad Au.; Saraswat Nitesh Gu., Internal Dimension of the Kashmir Conflict and Its Impact on Children's Rights: A Socio-Legal Study of The Kashmir Valley, 2024
Copyright @ Delhi University Library System